|
|
|
|
| LEADER |
02635njm a2200553 a 4500 |
| 001 |
000816458 |
| 003 |
CZ BrMZK |
| 005 |
20210312092440.0 |
| 007 |
ss lsnjlcmpnze |
| 008 |
060515q2005 xr df g cze d |
| 028 |
0 |
0 |
|a AA 4040/2-4331
|b Aplaus
|
| 040 |
|
|
|a BOA001
|b cze
|
| 048 |
|
|
|a of01
|b vu
|
| 072 |
|
7 |
|a 784
|x Vokální hudba
|2 Konspekt
|9 9
|
| 080 |
|
|
|a 784.9.085.2
|2 MRF
|
| 080 |
|
|
|a (086.7)
|2 MRF
|
| 245 |
0 |
0 |
|a Velké české mecheche.
|n 2
|h [zvukový záznam]
|
| 246 |
3 |
3 |
|a Ta naše hospůdka česká, aneb, Velké české mecheche pro vaše oslavy
|
| 260 |
|
|
|a Křenovice :
|b Aplaus,
|c c[2005]
|
| 300 |
|
|
|a 1 zvuková deska (52:10) :
|b analog, stereo, Dolby systém +
|e 1 leták (10 x 21 cm)
|
| 306 |
|
|
|a 005210
|
| 490 |
1 |
|
|a Česká muzika
|
| 500 |
|
|
|a Kompilace
|
| 500 |
|
|
|a Původní fonogramy Tonus, MHJ Studio, Aplaus
|
| 505 |
2 |
0 |
|t Hoří, hoří --
|t Hospůdka --
|t Hů a hů --
|t Hradišťanka --
|t Hvězdička --
|t Chodouňská --
|t Já rád to mám --
|t Já ráda tancuju --
|t Jarmareční --
|t Jásavá (Mělnická polka) --
|t Jedou formani --
|t Jetelíček u vody --
|t Jiřiny --
|t Karlíčku můj --
|t Kdyby ty muziky nebyly --
|t Kdybych byla ptáčkem --
|t Komeníček --
|t Lísteček z památníku --
|t Máme posvícení --
|t Mládí prchlo do dáli --
|
| 511 |
1 |
|
|a Jedenáctka Z. Lišky
|
| 530 |
|
|
|a Vydáno také na kompaktní desce
|
| 650 |
0 |
7 |
|a pijácké písně
|7 ph224414
|2 czenas
|
| 650 |
0 |
7 |
|a polky (zpěv, dechový orchestr)
|7 ph321605
|2 czenas
|
| 650 |
0 |
7 |
|a valčíky (zpěv, dechový orchestr)
|7 ph321673
|2 czenas
|
| 655 |
|
7 |
|a zvukové kazety
|7 fd186720
|2 czenas
|
| 700 |
1 |
|
|a Jankovec, Jaroslav,
|d 1896-1961
|7 jn20000401191
|4 cmp
|
| 700 |
1 |
|
|a Mrázek, Fanda,
|d 1903-1970
|7 jk01082258
|4 lyr
|
| 700 |
1 |
|
|a Vacek, Karel,
|d 1902-1982
|7 jk01140977
|4 cmp
|4 lyr
|
| 700 |
1 |
|
|a Kubeš, Ladislav,
|d 1924-1998
|7 jo2003183953
|4 cmp
|4 lyr
|
| 700 |
1 |
|
|a Bláha, Václav,
|d 1901-1959
|7 jo20010086360
|4 cmp
|4 lyr
|
| 700 |
1 |
|
|a Poncar, Josef,
|d 1902-1986
|7 jn20000620287
|4 cmp
|
| 700 |
1 |
|
|a Jacura, Ladislav,
|d 1913-2004
|7 jk01050594
|4 lyr
|
| 700 |
1 |
|
|a Vejvoda, Jaromír,
|d 1902-1988
|7 jn19990209983
|4 cmp
|
| 700 |
1 |
|
|a Zeman, Vašek,
|d 1909-1987
|7 jx20040920001
|4 lyr
|
| 700 |
1 |
|
|a Khás, Miloslav,
|d 1937-
|7 jx20090702007
|4 cmp
|
| 700 |
1 |
|
|a Bárta, Miloš
|7 ola2002158823
|4 lyr
|
| 700 |
1 |
|
|a Petr, Ferdinand,
|d 1911-1968
|7 ola2008474784
|4 cmp
|
| 710 |
2 |
|
|a Jedenáctka Zoltána Lišky (hudební skupina)
|7 mzk2010576695
|
| 830 |
|
0 |
|a Česká muzika
|
| 910 |
|
|
|a BOA001
|b KZ-0013.122,2
|
| 990 |
|
|
|a AV
|
| 991 |
|
|
|b 200606
|
| 996 |
6 |
|
|b 261H014448
|c KZ-0013.122,2
|l MZK
|r Sklad / do 24 hodin
|n 0
|w 000816458
|u 000010
|a 1
|e BOA001
|j MZK50
|s P
|